Environmental economics : an introduction / (Record no. 321)

MARC details
000 -LEADER
fixed length control field 00727nam a2200241 4500
003 - CONTROL NUMBER IDENTIFIER
control field OSt
005 - DATE AND TIME OF LATEST TRANSACTION
control field 20240606084023.0
008 - FIXED-LENGTH DATA ELEMENTS--GENERAL INFORMATION
fixed length control field 240606b |||||||| |||| 00| 0 eng d
020 ## - INTERNATIONAL STANDARD BOOK NUMBER
International Standard Book Number 9780071326278
040 ## - CATALOGING SOURCE
Original cataloging agency DWCL-Main lib.
Transcribing agency OC
082 ## - DEWEY DECIMAL CLASSIFICATION NUMBER
Edition number sixth edition
Classification number Circ. 333.7 F453e 2013
006 - FIXED-LENGTH DATA ELEMENTS--ADDITIONAL MATERIAL CHARACTERISTICS
fixed length control field a
100 ## - MAIN ENTRY--PERSONAL NAME
Personal name Field, Barry C.
245 ## - TITLE STATEMENT
Title Environmental economics : an introduction /
250 ## - EDITION STATEMENT
Edition statement sixth edition
260 ## - PUBLICATION, DISTRIBUTION, ETC.
Place of publication, distribution, etc. New York :
Name of publisher, distributor, etc. McGraw-Hill/Irwin,
Date of publication, distribution, etc. c2013.
300 ## - PHYSICAL DESCRIPTION
Extent vii,
Other physical details 492 p. : ill. ;
Dimensions 23 cm.
504 ## - BIBLIOGRAPHY, ETC. NOTE
Bibliography, etc. note Includes appendix.
650 ## - SUBJECT ADDED ENTRY--TOPICAL TERM
Topical term or geographic name entry element 1. Economic development–Environmental aspects.
650 ## - SUBJECT ADDED ENTRY--TOPICAL TERM
Topical term or geographic name entry element 2. Environmental economics. I.
700 ## - ADDED ENTRY--PERSONAL NAME
Personal name Barry C. Field
942 ## - ADDED ENTRY ELEMENTS (KOHA)
Source of classification or shelving scheme Dewey Decimal Classification
Suppress in OPAC No
Koha item type Book Circulation
Call number prefix Circ.
Holdings
Withdrawn status Lost status Source of classification or shelving scheme Damaged status Not for loan Home library Current library Date acquired Source of acquisition Total Checkouts Full call number Barcode Date last seen Copy number Price effective from Koha item type Uniform Resource Identifier
    Dewey Decimal Classification     College Library College Library 09/13/2013 School Fund   Circ. 333.7 F453e 2013 49982 06/06/2024 c1 06/06/2024 Book Circulation
    Dewey Decimal Classification     College Library College Library 10/31/2013 School Fund   Circ. 333.7 F453e 2013 50388 06/06/2024 c2 06/06/2024 Book Circulation